Tâm lí con người qua nét bút

Sách giới thiệu những nét cơ bản của nghệ thuật viết chữ; phương pháp phân tích các kiểu chữ; và các đăhc trưng của tính cách phản ánh qua nét chữ thông qua hàng loạt thí dụ thực tế khác nhau.

محفوظ في:
التفاصيل البيبلوغرافية
المؤلف الرئيسي: Quang Bạch
التنسيق: كتاب
اللغة:Undetermined
منشور في: Tp. HCM Thanh Niên 2000
الموضوعات:
الوسوم: إضافة وسم
لا توجد وسوم, كن أول من يضع وسما على هذه التسجيلة!
Thư viện lưu trữ: Trung tâm Học liệu Trường Đại học Cần Thơ
LEADER 00771nam a2200181Ia 4500
001 CTU_42679
008 210402s9999 xx 000 0 und d
082 |a 155.282 
082 |b Qu106 
100 |a Quang Bạch 
245 0 |a Tâm lí con người qua nét bút 
245 0 |c Quang Bạch 
260 |a Tp. HCM 
260 |b Thanh Niên 
260 |c 2000 
520 |a Sách giới thiệu những nét cơ bản của nghệ thuật viết chữ; phương pháp phân tích các kiểu chữ; và các đăhc trưng của tính cách phản ánh qua nét chữ thông qua hàng loạt thí dụ thực tế khác nhau. 
650 |a autographs,graphology 
980 |a Trung tâm Học liệu Trường Đại học Cần Thơ